[Event "26. Copenhagen Open  (Politiken Cup)"]
[Site "Taastrup"]
[Date "2004.07.25"]
[Round "3"]
[White "Abrahamsson, Daniel"]
[Black "Mathiesen, Erik"]
[Result "0-1"]
[WhiteElo "1803"]
[BlackElo "2112"]
[PlyCount "84"]
[EventDate "2004.07.24"]
[EventType "swiss"]
[EventRounds "10"]
[EventCountry "DEN"]
[SourceDate "2004.01.01"]

1. e4 e5 2. Nf3 Nf6 3. Nc3 Nc6 4. d4 exd4 5. Nxd4 Nxd4 6. Qxd4 d6 7. Bg5 Be7 8.
O-O-O Be6 9. Kb1 O-O 10. Qd2 c6 11. Bd3 b5 12. f4 b4 13. Ne2 a5 14. Nd4 Bd7 15.
e5 dxe5 16. fxe5 Nd5 17. h4 a4 18. Nf5 Bxf5 19. Bxf5 Rb8 20. Ka1 a3 21. b3 Qc7
22. Rde1 Bc5 23. e6 f6 24. e7 Bxe7 25. Be6+ Kh8 26. Bxd5 cxd5 27. Bf4 Bd6 28.
Bxd6 Qxd6 29. Re3 f5 30. Rd1 Qf6+ 31. Qd4 Qxd4+ 32. Rxd4 Rfe8 33. Red3 Re1+ 34.
Rd1 Rxd1+ 35. Rxd1 Re8 36. c3 bxc3 37. Kb1 Re2 38. Rxd5 g6 39. Rc5 Rb2+ 40. Kc1
Rxa2 41. b4 Rxg2 42. Rxc3 Rg1+ 0-1

[Event "26. Copenhagen Open  (Politiken Cup)"]
[Site "Taastrup"]
[Date "2004.07.25"]
[Round "3"]
[White "Adnoy, Hallvard V"]
[Black "Fries Nielsen, Jens Ove"]
[Result "0-1"]
[WhiteElo "2204"]
[BlackElo "2398"]
[PlyCount "73"]
[EventDate "2004.07.24"]
[EventType "swiss"]
[EventRounds "10"]
[EventCountry "DEN"]
[SourceDate "2004.01.01"]

1. d4 d5 2. c4 e6 3. Nc3 Bb4 4. e3 Ne7 5. a3 Bxc3+ 6. bxc3 O-O 7. Bd3 c5 8. Nf3
h6 9. cxd5 exd5 10. O-O Nbc6 11. a4 c4 12. Bc2 Bg4 13. Ba3 f5 14. Qb1 Bxf3 15.
gxf3 Qd7 16. f4 Rf7 17. Kh1 g5 18. fxg5 hxg5 19. Rg1 Rg7 20. Qb5 a6 21. Qc5 Rg6
22. Rg3 Kf7 23. Rag1 Rh8 24. Rxg5 Qc7 25. Rxf5+ Nxf5 26. Qxd5+ Ke8 27. Rg2 Rxg2
28. Qxg2 Nce7 29. d5 Qe5 30. Bb4 Nh4 31. Qe4 Qxd5 32. f3 Qg5 33. f4 Qd5 34.
Bxe7 Qxe4+ 35. Bxe4 Kxe7 36. Bxb7 Rb8 37. Be4 0-1

[Event "26. Copenhagen Open  (Politiken Cup)"]
[Site "Taastrup"]
[Date "2004.07.25"]
[Round "3"]
[White "Al Saad, Mofid"]
[Black "Jorgensen, Gert"]
[Result "0-1"]
[WhiteElo "1493"]
[BlackElo "2087"]
[PlyCount "50"]
[EventDate "2004.07.24"]
[EventType "swiss"]
[EventRounds "10"]
[EventCountry "DEN"]
[SourceDate "2004.01.01"]

1. d4 Nf6 2. c4 e6 3. Nf3 b6 4. g3 Bb7 5. Bg2 c5 6. e3 Be7 7. O-O O-O 8. Nc3 d5
9. Ne5 Nbd7 10. cxd5 exd5 11. Nd3 Ne4 12. Nf4 Nxc3 13. bxc3 Nf6 14. c4 Ba6 15.
Nxd5 Bxc4 16. Nxe7+ Qxe7 17. Bxa8 Bxf1 18. Qxf1 Rxa8 19. Ba3 Ne4 20. Rc1 Qe6
21. Qe2 Rd8 22. f3 Ng5 23. dxc5 Rd2 24. cxb6 Rxe2 25. Kf1 Rxa2 0-1

[Event "26. Copenhagen Open  (Politiken Cup)"]
[Site "Taastrup"]
[Date "2004.07.25"]
[Round "3"]
[White "Andersen, Daniel"]
[Black "Bjarnason, Saevar"]
[Result "0-1"]
[WhiteElo "2044"]
[BlackElo "2318"]
[PlyCount "70"]
[EventDate "2004.07.24"]
[EventType "swiss"]
[EventRounds "10"]
[EventCountry "DEN"]
[SourceDate "2004.01.01"]

1. c4 Nf6 2. g3 g6 3. Bg2 Bg7 4. Nc3 O-O 5. d3 d6 6. Bg5 h6 7. Bd2 e5 8. e4 c6
9. Nge2 a5 10. O-O Na6 11. h3 Nc5 12. Be3 Nh5 13. Qd2 Kh7 14. d4 exd4 15. Nxd4
a4 16. Rad1 Qa5 17. Nde2 Rd8 18. g4 Nf6 19. e5 Ne8 20. Bf4 Be6 21. exd6 Bxc4
22. Ne4 Qxd2 23. Rxd2 Nxe4 24. Bxe4 Nf6 25. Bf3 Bxa2 26. Nc3 Be6 27. Rfd1 a3
28. bxa3 Rxa3 29. Rd3 Rd7 30. Ne4 Rxd3 31. Nxf6+ Bxf6 32. Rxd3 g5 33. Bg3 Kg7
34. Rd1 Bb2 35. Be4 Kf6 0-1

[Event "26. Copenhagen Open  (Politiken Cup)"]
[Site "Taastrup"]
[Date "2004.07.25"]
[Round "3"]
[White "Andersen, Rune Egede"]
[Black "Pozzo, Sebastian"]
[Result "1-0"]
[WhiteElo "2092"]
[BlackElo "1650"]
[PlyCount "67"]
[EventDate "2004.07.24"]
[EventType "swiss"]
[EventRounds "10"]
[EventCountry "DEN"]
[SourceDate "2004.01.01"]

1. e4 e6 2. d4 d5 3. e5 c5 4. c3 Nc6 5. Nf3 Qb6 6. Bd3 Bd7 7. O-O cxd4 8. cxd4
Nb4 9. Nc3 Nxd3 10. Qxd3 Bb4 11. a4 Ne7 12. Bd2 a6 13. Rfb1 Nc6 14. h4 Be7 15.
Bg5 Bb4 16. h5 h6 17. Be3 Qd8 18. Na2 Rc8 19. Rc1 Qa5 20. Qb3 O-O 21. Rxc6 Rxc6
22. Qxb4 Qxb4 23. Nxb4 Rc4 24. Bd2 Rfc8 25. b3 R4c7 26. Kf1 Kh7 27. Ke2 g6 28.
hxg6+ Kxg6 29. Rh1 Rh8 30. Nd3 Kg7 31. Nf4 b5 32. Nh5+ Kf8 33. Bb4+ Kg8 34. Rh3
1-0

[Event "26. Copenhagen Open  (Politiken Cup)"]
[Site "Taastrup"]
[Date "2004.07.25"]
[Round "3"]
[White "Andreasen, Per Naesby"]
[Black "Holstein, Erik"]
[Result "1-0"]
[WhiteElo "2309"]
[BlackElo "2103"]
[PlyCount "75"]
[EventDate "2004.07.24"]
[EventType "swiss"]
[EventRounds "10"]
[EventCountry "DEN"]
[SourceDate "2004.01.01"]

1. c4 f5 2. Nf3 Nf6 3. g3 g6 4. Bg2 Bg7 5. O-O O-O 6. Nc3 d6 7. d3 Nc6 8. Rb1
e5 9. b4 h6 10. b5 Ne7 11. e4 f4 12. d4 fxg3 13. hxg3 exd4 14. Nxd4 Bg4 15. f3
Bd7 16. Be3 Qe8 17. Qd2 g5 18. Nde2 Qg6 19. c5 Ne8 20. Nd5 Nxd5 21. Qxd5+ Be6
22. Qxb7 Nf6 23. Qxc7 Bxa2 24. Rbc1 dxc5 25. Rxc5 Rf7 26. Qa5 Be6 27. Nd4 Nh5
28. Nxe6 Qxe6 29. Bf2 Raf8 30. Rd1 Qb3 31. Rd8 Qb1+ 32. Kh2 Qb2 33. Rd2 Qb3 34.
Qa2 Qb4 35. Rf5 Bf6 36. Bc5 Qxb5 37. Bxf8 Qb8 38. Bd6 1-0

[Event "26. Copenhagen Open  (Politiken Cup)"]
[Site "Taastrup"]
[Date "2004.07.25"]
[Round "3"]
[White "Asbjornsson, Ingvar"]
[Black "Auchenberg, Per"]
[Result "0-1"]
[WhiteElo "1275"]
[BlackElo "2082"]
[PlyCount "68"]
[EventDate "2004.07.24"]
[EventType "swiss"]
[EventRounds "10"]
[EventCountry "DEN"]
[SourceDate "2004.01.01"]

1. d4 f5 2. g3 Nf6 3. Nf3 b6 4. c4 e6 5. Nc3 Bb4 6. Bd2 Bb7 7. Bg2 O-O 8. O-O
a5 9. b3 Qe7 10. Qc1 Ba3 11. Qe1 Na6 12. Nb5 Bb4 13. a3 Bxd2 14. Nxd2 Bxg2 15.
Kxg2 Qf7 16. e4 f4 17. e5 Ng4 18. h3 f3+ 19. Kg1 Qh5 20. hxg4 Qh3 21. Nxf3 Rxf3
22. Qe4 Raf8 23. Rab1 c6 24. Nd6 R8f4 25. Qe2 Qxg4 26. Rb2 Rxd4 27. Kg2 Rdd3
28. Rfb1 Nc5 29. a4 h5 30. Rh1 h4 31. Rxh4 Rxg3+ 32. fxg3 Rxg3+ 33. Kf1 Rg1+
34. Kf2 Qg3# 0-1

[Event "26. Copenhagen Open  (Politiken Cup)"]
[Site "Taastrup"]
[Date "2004.07.25"]
[Round "3"]
[White "Asbjornsson, Sverrir"]
[Black "Nielsen, Morten"]
[Result "0-1"]
[WhiteElo "1000"]
[BlackElo "2075"]
[PlyCount "58"]
[EventDate "2004.07.24"]
[EventType "swiss"]
[EventRounds "10"]
[EventCountry "DEN"]
[SourceDate "2004.01.01"]

1. d4 Nf6 2. c4 c5 3. Nf3 cxd4 4. Nxd4 e5 5. Nb3 a5 6. a4 d5 7. cxd5 Qxd5 8.
Qxd5 Nxd5 9. e3 Be6 10. Bb5+ Nc6 11. Bd2 Nxe3 12. Bxe3 Bxb3 13. O-O Bb4 14. Nc3
f5 15. Bb6 O-O 16. Bxc6 bxc6 17. Na2 Bd2 18. Bc5 Rfd8 19. Bb6 Rd7 20. Nc1 Bc2
21. Be3 Rb8 22. Bxd2 Rxd2 23. Ra2 Bb1 24. Ra3 Rbxb2 25. Rc3 Rbc2 26. Rb3 Ba2
27. Rb8+ Kf7 28. Rb7+ Kf6 29. Ra7 Bc4 0-1

[Event "26. Copenhagen Open  (Politiken Cup)"]
[Site "Taastrup"]
[Date "2004.07.25"]
[Round "3"]
[White "Auchenberg, Einar"]
[Black "Asberg, Anders"]
[Result "0-1"]
[WhiteElo "1486"]
[BlackElo "2027"]
[PlyCount "86"]
[EventDate "2004.07.24"]
[EventType "swiss"]
[EventRounds "10"]
[EventCountry "DEN"]
[SourceDate "2004.01.01"]

1. e4 c5 2. Nc3 Nc6 3. f4 e6 4. Nf3 a6 5. d4 cxd4 6. Nxd4 Bc5 7. Nxc6 bxc6 8.
Qf3 Qb6 9. a4 a5 10. Rb1 Ne7 11. Bc4 d5 12. Bd3 O-O 13. g4 Bb7 14. e5 Bd4 15.
Nd1 f6 16. c3 Bc5 17. Qh3 g6 18. exf6 Rxf6 19. g5 Rf7 20. Qxe6 Bc8 21. Qe2 Nf5
22. Qe8+ Bf8 23. Bxf5 Bxf5 24. Qxa8 Ra7 25. Qxa7 Qxa7 26. Be3 d4 27. Bxd4 c5
28. Be3 Bxb1 29. O-O Qd7 30. Nf2 Bf5 31. Rd1 Qxa4 32. Kg2 Kf7 33. Kg3 c4 34.
Rd2 Qc6 35. Rd4 Qb5 36. Nd1 Bd3 37. Nf2 Qxb2 38. Ng4 Qxc3 39. Rd7+ Ke6 40. Rxh7
Bf5 41. Ra7 Bxg4 42. Ra6+ Bd6 43. Rxa5 Qxa5 0-1

[Event "26. Copenhagen Open  (Politiken Cup)"]
[Site "Taastrup"]
[Date "2004.07.25"]
[Round "3"]
[White "Baark, Mathias"]
[Black "Tidman, Sophie E"]
[Result "0-1"]
[WhiteElo "1811"]
[BlackElo "2133"]
[PlyCount "106"]
[EventDate "2004.07.24"]
[EventType "swiss"]
[EventRounds "10"]
[EventCountry "DEN"]
[SourceDate "2004.01.01"]

1. f4 d5 2. Nf3 g6 3. g3 Bg7 4. Bg2 Nf6 5. O-O O-O 6. d3 c5 7. Qe1 Nc6 8. c3 d4
9. Na3 Nd5 10. Bd2 Rb8 11. Nc4 e6 12. Nce5 Nxe5 13. Nxe5 f6 14. Nf3 e5 15. c4
Ne7 16. b4 b6 17. fxe5 fxe5 18. Ng5 h6 19. Ne4 cxb4 20. Bxb4 Rxf1+ 21. Qxf1 Nf5
22. Bd2 Qe7 23. Qc1 Bd7 24. Rb1 Kh7 25. c5 Rc8 26. Qa3 Rc7 27. Bb4 Qe6 28. cxb6
axb6 29. Bd2 Rc2 30. Rb2 Rc8 31. Qb4 Ne3 32. Qxb6 Qxb6 33. Rxb6 Nxg2 34. Kxg2
Rc2 35. Rb7 Bc6 36. Ra7 Bxe4+ 37. dxe4 Rxd2 38. Kf3 h5 39. h4 d3 40. Ke3 Rxe2+
41. Kxd3 Rg2 42. a4 Rxg3+ 43. Kc4 g5 44. hxg5 h4 45. Rd7 h3 46. Rd1 Ra3 47. Kb5
Kg6 48. a5 Kxg5 49. Rg1+ Kf6 50. a6 Bh6 51. Rf1+ Ke6 52. Kb6 Be3+ 53. Kb7 h2
0-1

[Event "26. Copenhagen Open  (Politiken Cup)"]
[Site "Taastrup"]
[Date "2004.07.25"]
[Round "3"]
[White "Bae, Torstein"]
[Black "Rozentalis, Eduardas"]
[Result "0-1"]
[WhiteElo "2269"]
[BlackElo "2619"]
[PlyCount "114"]
[EventDate "2004.07.24"]
[EventType "swiss"]
[EventRounds "10"]
[EventCountry "DEN"]
[SourceDate "2004.01.01"]

1. e4 e6 2. d4 d5 3. Nc3 Nc6 4. Be3 Bb4 5. Bd3 dxe4 6. Bxe4 Nf6 7. Bf3 Nd5 8.
Nge2 Nxe3 9. fxe3 O-O 10. O-O e5 11. Qd3 exd4 12. exd4 Bd6 13. Rf2 Qh4 14. g3
Qh6 15. Nb5 Bd7 16. c3 Rae8 17. Nxd6 Qxd6 18. Nf4 g6 19. Raf1 f5 20. Qc4+ Kg7
21. Qd5 b6 22. Qxd6 cxd6 23. Re2 Rxe2 24. Bxe2 Re8 25. Kf2 Ne7 26. Bc4 g5 27.
Nd3 Rc8 28. Bb3 a5 29. a3 Ng6 30. Rc1 Kf6 31. Bd5 Ne7 32. Bb7 Rc7 33. Bf3 Bb5
34. Ke3 g4 35. Bg2 Ng6 36. Rf1 Kg5 37. Rf2 h5 38. Kd2 Bxd3 39. Kxd3 h4 40. c4
hxg3 41. hxg3 f4 42. Be4 fxg3 43. Rf5+ Kh4 44. Rf6 g2 45. Bxg2 Kg5 46. Rf2 Nf4+
47. Kc3 Re7 48. Bc6 g3 49. Rd2 Re3+ 50. Kc2 Kf6 51. Bb7 Ke7 52. Bc6 d5 53. Bxd5
Nxd5 54. cxd5 Kd6 55. Rg2 Kxd5 56. Rd2 Rf3 57. Kd1 Rf1+ 0-1

[Event "26. Copenhagen Open  (Politiken Cup)"]
[Site "Taastrup"]
[Date "2004.07.25"]
[Round "3"]
[White "Barr, Steven"]
[Black "Olsen, Aage Dalstrup"]
[Result "0-1"]
[WhiteElo "1712"]
[BlackElo "2098"]
[PlyCount "45"]
[EventDate "2004.07.24"]
[EventType "swiss"]
[EventRounds "10"]
[EventCountry "DEN"]
[SourceDate "2004.01.01"]

1. d4 Nf6 2. c4 e6 3. Nf3 d5 4. Bg5 Be7 5. e3 O-O 6. Nc3 b6 7. Rc1 Bb7 8. Bd3
Nbd7 9. O-O c5 10. Ne5 h6 11. Nxd7 Qxd7 12. Bxf6 Bxf6 13. cxd5 exd5 14. Bb1
Rfe8 15. Qd3 g6 16. dxc5 bxc5 17. Rcd1 d4 18. exd4 Bxd4 19. Qg3 Qc6 20. h4 Re5
21. Rfe1 Rae8 22. Rxe5 Rxe5 23. Qg4 {Time.} 0-1

[Event "26. Copenhagen Open  (Politiken Cup)"]
[Site "Taastrup"]
[Date "2004.07.25"]
[Round "3"]
[White "Bering, Anders"]
[Black "Erikstad, Olav"]
[Result "1/2-1/2"]
[WhiteElo "2084"]
[BlackElo "1503"]
[PlyCount "165"]
[EventDate "2004.07.24"]
[EventType "swiss"]
[EventRounds "10"]
[EventCountry "DEN"]
[SourceDate "2004.01.01"]

1. e4 c6 2. d4 d5 3. Nc3 dxe4 4. Nxe4 Nd7 5. Bc4 Ngf6 6. Ng5 e6 7. Qe2 Nb6 8.
Bb3 h6 9. N5f3 Bd7 10. Ne5 Rc8 11. Ngf3 c5 12. Bd2 cxd4 13. Nxd4 Be7 14. Nf5
Kf8 15. Nxe7 Qxe7 16. a3 Qe8 17. Nxd7+ Qxd7 18. O-O Kg8 19. Rad1 Qc6 20. Rfe1
Na4 21. Bc1 Nc5 22. Ba2 Nce4 23. c4 Nd6 24. Bf4 Nf5 25. c5 Nh4 26. Qf1 Qxc5 27.
Rc1 Qf8 28. Rxc8 Qxc8 29. Rc1 Qd7 30. Rc7 Qd4 31. Bg3 Nf5 32. Rxb7 Nxg3 33.
hxg3 h5 34. Rb4 Qd8 35. Qc1 Ng4 36. Rc4 Qb6 37. Qc2 g6 38. Rc5 Kg7 39. Rc7 Rf8
40. Bb1 Kg8 41. Rc6 Qd4 42. Rc4 Qb6 43. Rb4 Qd6 44. Rb3 Rd8 45. Rd3 Qb6 46.
Rxd8+ Qxd8 47. Qd3 Qb6 48. Qd2 Qc5 49. Be4 Qe5 50. Bf3 Qf5 51. Bxg4 Qxg4 52. b4
Qc4 53. Qe3 a6 54. Qc5 Qxc5 55. bxc5 Kf8 56. Kf1 Ke8 57. Ke2 Kd7 58. Kd3 Kc6
59. Kd4 f6 60. f4 g5 61. fxg5 fxg5 62. Ke5 Kxc5 63. Kxe6 Kc4 64. Kf5 g4 65. Kg5
Kb3 66. Kxh5 Kxa3 67. Kxg4 Kb4 68. Kf5 a5 69. g4 a4 70. g5 a3 71. g6 a2 72. g7
a1=Q 73. g8=Q Qf1+ 74. Ke5 Qe2+ 75. Kd6 Qa6+ 76. Ke7 Qb7+ 77. Kf8 Qc8+ 78. Kg7
Qg4+ 79. Kh8 Qh5+ 80. Qh7 Qe8+ 81. Kg7 Qe7+ 82. Kh6 Qh4+ 83. Kg7 1/2-1/2

[Event "26. Copenhagen Open  (Politiken Cup)"]
[Site "Taastrup"]
[Date "2004.07.25"]
[Round "3"]
[White "Bjerke, Richard"]
[Black "Vul, Arkadi Eremeevich"]
[Result "1/2-1/2"]
[WhiteElo "2232"]
[BlackElo "2438"]
[PlyCount "62"]
[EventDate "2004.07.24"]
[EventType "swiss"]
[EventRounds "10"]
[EventCountry "DEN"]
[SourceDate "2004.01.01"]

1. Nf3 Nf6 2. c4 e6 3. Nc3 d5 4. d4 c6 5. Bg5 Nbd7 6. e3 Qa5 7. Nd2 dxc4 8.
Bxf6 Nxf6 9. Nxc4 Qc7 10. g3 c5 11. Bg2 cxd4 12. Qxd4 Bd7 13. Rd1 Rc8 14. Nd6+
Bxd6 15. Qxd6 Qxd6 16. Rxd6 Ke7 17. Rd2 Bc6 18. Bxc6 Rxc6 19. Ke2 Rd8 20. Rhd1
Rcd6 21. h3 Rxd2+ 22. Rxd2 Rxd2+ 23. Kxd2 Kd6 24. e4 e5 25. Kd3 Kc5 26. Nd1 Ne8
27. Ne3 Nd6 28. f4 f6 29. fxe5 fxe5 30. h4 h5 31. g4 hxg4 1/2-1/2

[Event "26. Copenhagen Open  (Politiken Cup)"]
[Site "Taastrup"]
[Date "2004.07.25"]
[Round "3"]
[White "Bjerke, Silje"]
[Black "Bank, Pelle Rodkjaer"]
[Result "0-1"]
[WhiteElo "2094"]
[BlackElo "2277"]
[PlyCount "46"]
[EventDate "2004.07.24"]
[EventType "swiss"]
[EventRounds "10"]
[EventCountry "DEN"]
[SourceDate "2004.01.01"]

1. d4 Nf6 2. c4 c5 3. d5 b5 4. cxb5 a6 5. bxa6 g6 6. Nc3 Bxa6 7. e4 Bxf1 8.
Kxf1 d6 9. Nf3 Nbd7 10. g3 Bg7 11. Kg2 O-O 12. Re1 Qb6 13. e5 Ng4 14. exd6 exd6
15. Qe2 c4 16. Nd2 Rae8 17. Qf1 Rxe1 18. Qxe1 Nde5 19. h3 Nd3 20. Qe2 Ngxf2 21.
Nxc4 Qa6 22. Be3 Qxc4 23. Kh2 Re8 0-1

[Event "26. Copenhagen Open  (Politiken Cup)"]
[Site "Taastrup"]
[Date "2004.07.25"]
[Round "3"]
[White "Bleis, Christian"]
[Black "Johannessen, Leif Erlend"]
[Result "1/2-1/2"]
[WhiteElo "2261"]
[BlackElo "2538"]
[PlyCount "38"]
[EventDate "2004.07.24"]
[EventType "swiss"]
[EventRounds "10"]
[EventCountry "DEN"]
[SourceDate "2004.01.01"]

1. d4 e6 2. Nf3 Nf6 3. c4 d5 4. Nc3 Be7 5. e3 O-O 6. Bd3 dxc4 7. Bxc4 c5 8. O-O
a6 9. Bb3 Nc6 10. dxc5 Bxc5 11. Qe2 Qc7 12. h3 b5 13. a3 Bb7 14. Bd2 Rac8 15.
Rac1 Bd6 16. Ng5 Qb6 17. Nce4 Be7 18. Bc3 Nxe4 19. Nxe4 e5 1/2-1/2

[Event "26. Copenhagen Open  (Politiken Cup)"]
[Site "Taastrup"]
[Date "2004.07.25"]
[Round "3"]
[White "Bogdanov, Dimitri"]
[Black "Frank Nielsen, Marie"]
[Result "1-0"]
[WhiteElo "2129"]
[BlackElo "1895"]
[PlyCount "81"]
[EventDate "2004.07.24"]
[EventType "swiss"]
[EventRounds "10"]
[EventCountry "DEN"]
[SourceDate "2004.01.01"]

1. e4 e6 2. Qe2 b6 3. g3 Bb7 4. Bg2 d5 5. d3 dxe4 6. dxe4 Bd6 7. Nf3 e5 8. O-O
Nf6 9. Rd1 Nbd7 10. Nbd2 O-O 11. Nc4 Ba6 12. b3 Qe7 13. a4 Rad8 14. a5 Bxc4 15.
Qxc4 bxa5 16. Nh4 Nb6 17. Qe2 Bb4 18. Bg5 Qe6 19. Nf5 Nbd7 20. Qf3 Qb6 21. Bh3
Bc5 22. Ne3 h6 23. Nc4 Qc6 24. Nxa5 Qb6 25. Nc4 Qc6 26. Bxd7 Rxd7 27. Nxe5
Rxd1+ 28. Rxd1 Qxe4 29. Bxf6 Qxf3 30. Nxf3 gxf6 31. Rd5 Bb6 32. Kf1 Re8 33. Rh5
Kh7 34. Nh4 Re5 35. Nf5 Kg8 36. Nxh6+ Kg7 37. Nf5+ Kg6 38. g4 Re4 39. f3 Re6
40. f4 a6 41. Rh6# 1-0

[Event "26. Copenhagen Open  (Politiken Cup)"]
[Site "Taastrup"]
[Date "2004.07.25"]
[Round "3"]
[White "Bromann, Thorbjorn"]
[Black "Skovgaard, Peter Nicolai"]
[Result "1-0"]
[WhiteElo "2348"]
[BlackElo "2116"]
[PlyCount "71"]
[EventDate "2004.07.24"]
[EventType "swiss"]
[EventRounds "10"]
[EventCountry "DEN"]
[SourceDate "2004.01.01"]

1. d4 Nf6 2. Nf3 g6 3. Nc3 d5 4. Bf4 c6 5. e3 Bg7 6. Be2 Nbd7 7. Ne5 O-O 8. h4
Nxe5 9. Bxe5 Ne4 10. Bxg7 Nxc3 11. Qd3 Kxg7 12. Qxc3 Qd6 13. h5 b5 14. O-O-O b4
15. Qd2 g5 16. e4 h6 17. e5 Qd7 18. Qxb4 a5 19. Qc3 Qf5 20. Qe3 Ba6 21. g4 Qh7
22. Bxa6 Rxa6 23. f4 f6 24. Rde1 Ra7 25. Rhf1 Kg8 26. exf6 exf6 27. fxg5 hxg5
28. Qe6+ Qf7 29. Rxf6 Qxe6 30. Rexe6 Raf7 31. Rxf7 Rxf7 32. Rg6+ Kh7 33. Rxg5
Rf1+ 34. Kd2 Rf2+ 35. Kd3 Rg2 36. b3 1-0

[Event "26. Copenhagen Open  (Politiken Cup)"]
[Site "Taastrup"]
[Date "2004.07.25"]
[Round "3"]
[White "Brorsen, Jacob Abildlund"]
[Black "Bindzus, Niels"]
[Result "1/2-1/2"]
[WhiteElo "1530"]
[BlackElo "2011"]
[PlyCount "82"]
[EventDate "2004.07.24"]
[EventType "swiss"]
[EventRounds "10"]
[EventCountry "DEN"]
[SourceDate "2004.01.01"]

1. f4 d5 2. Nf3 c5 3. g3 Nc6 4. Bg2 Nf6 5. d3 Bg4 6. c3 Bxf3 7. Bxf3 e5 8. O-O
Bd6 9. Bg2 O-O 10. e4 dxe4 11. dxe4 Re8 12. f5 c4 13. Be3 Be7 14. Qe2 Qd3 15.
Qxd3 cxd3 16. Rd1 Rad8 17. Nd2 Ng4 18. Bf2 Bg5 19. Nf1 Na5 20. b3 b6 21. h4 Bh6
22. Bf3 Nxf2 23. Kxf2 Rd6 24. Ne3 Nc6 25. Nd5 d2 26. g4 f6 27. Be2 Ne7 28. Bc4
Nxd5 29. Bxd5+ Kf8 30. c4 Bf4 31. Rg1 h6 32. h5 Ke7 33. Rgd1 Rdd8 34. a4 a5 35.
Ra2 Kd6 36. Ke2 Kc5 37. Kd3 Re7 38. Rc2 Kb4 39. Rb2 Rc7 40. Rc2 Rc5 41. Rb2 Rd6
1/2-1/2

[Event "26. Copenhagen Open  (Politiken Cup)"]
[Site "Taastrup"]
[Date "2004.07.25"]
[Round "3"]
[White "Buchkremer, Felix"]
[Black "Hansen, John Laurids"]
[Result "1-0"]
[WhiteElo "2046"]
[BlackElo "1688"]
[PlyCount "77"]
[EventDate "2004.07.24"]
[EventType "swiss"]
[EventRounds "10"]
[EventCountry "DEN"]
[SourceDate "2004.01.01"]

1. e4 e5 2. Bc4 Nc6 3. Nc3 Nf6 4. d3 Bc5 5. f4 d6 6. Nf3 Ng4 7. Ng5 O-O 8. f5
Bf2+ 9. Kf1 Ne3+ 10. Bxe3 Bxe3 11. Nf3 Na5 12. Nd5 Nxc4 13. dxc4 Bb6 14. Qd2 c6
15. Nxb6 Qxb6 16. b3 Qc7 17. g4 b6 18. Rd1 Bb7 19. Qxd6 Qxd6 20. Rxd6 Rad8 21.
Rxd8 Rxd8 22. Ke2 c5 23. Ke3 f6 24. Re1 Kf7 25. Re2 Ke7 26. Rd2 Rg8 27. a4 a5
28. g5 Bc6 29. Rg2 Kf7 30. gxf6 gxf6 31. Rxg8 Kxg8 32. Nd2 Kg7 33. Nb1 Kh6 34.
Nc3 Kg5 35. Nd5 Kg4 36. Nxf6+ Kh3 37. Nxh7 Bd7 38. f6 Be8 39. f7 1-0

[Event "26. Copenhagen Open  (Politiken Cup)"]
[Site "Taastrup"]
[Date "2004.07.25"]
[Round "3"]
[White "Carlstedt, Jonathan"]
[Black "Soraas, Torben"]
[Result "0-1"]
[WhiteElo "1774"]
[BlackElo "2107"]
[PlyCount "125"]
[EventDate "2004.07.24"]
[EventType "swiss"]
[EventRounds "10"]
[EventCountry "DEN"]
[SourceDate "2004.01.01"]

1. c4 c5 2. Nf3 Nf6 3. g3 g6 4. Bg2 Nc6 5. O-O Bg7 6. Nc3 O-O 7. Rb1 Rb8 8. a3
a6 9. Qa4 d5 10. cxd5 Nxd5 11. Qc4 Nxc3 12. bxc3 Qd6 13. Rd1 b5 14. Qa2 Bxc3
15. d3 Bg7 16. Be3 Nd4 17. Ng5 Bb7 18. Rdc1 Bxg2 19. Kxg2 Rbc8 20. h3 Rc7 21.
Ne4 Qb6 22. Nc3 Rd8 23. Kg1 Qe6 24. Qxe6 Nxe6 25. Kf1 Nd4 26. Ne4 Rdc8 27. Bf4
Rc6 28. Nc3 Kf8 29. e3 Ne6 30. Nd5 Nxf4 31. exf4 e6 32. Ne3 Bf6 33. Rc2 Be7 34.
Rbc1 Rd8 35. Ke2 Rc7 36. Rb1 Rcd7 37. Rb3 Rd4 38. Rc1 h5 39. Rbc3 Ra4 40. Nd1
Rad4 41. Ne3 R8d7 42. R1c2 Kg7 43. Ra2 Ra4 44. Nd1 Rad4 45. Ne3 Ra7 46. Ra1 Ra4
47. Ra2 Rc7 48. Rac2 Bf6 49. Rb3 Bd4 50. Kf3 Kf6 51. g4 hxg4+ 52. hxg4 Kg7 53.
Rc1 Bf6 54. g5 Be7 55. Rbc3 Rd7 56. Ke2 Rxf4 57. Rg1 Rfd4 58. Ng4 R7d5 59. Ne3
Re5 60. Rgc1 Rxg5 61. Rh1 Ra4 62. Rf1 Bf6 63. Rxc5 0-1

[Event "26. Copenhagen Open  (Politiken Cup)"]
[Site "Taastrup"]
[Date "2004.07.25"]
[Round "3"]
[White "Christensen, Aage Niels"]
[Black "Skjoldager, Flemming"]
[Result "1/2-1/2"]
[WhiteElo "1554"]
[BlackElo "2088"]
[PlyCount "109"]
[EventDate "2004.07.24"]
[EventType "swiss"]
[EventRounds "10"]
[EventCountry "DEN"]
[SourceDate "2004.01.01"]

1. d4 Nf6 2. c4 e6 3. Nc3 d5 4. Bg5 Nbd7 5. e3 c6 6. Nf3 Qa5 7. Nd2 Bb4 8. Bxf6
Nxf6 9. Qc2 dxc4 10. Bxc4 O-O 11. O-O Bd7 12. Nf3 Rfd8 13. Ne4 Be7 14. Bd3 h6
15. a3 Rac8 16. Rac1 Qc7 17. b4 Qb8 18. Nxf6+ Bxf6 19. Qb3 Be8 20. Rc2 e5 21.
dxe5 Bxe5 22. Nxe5 Qxe5 23. Be2 Bd7 24. Qb2 Qe7 25. Rd2 Bf5 26. Rfd1 Rxd2 27.
Qxd2 c5 28. Rc1 Rd8 29. Qc3 cxb4 30. Qxb4 Qxb4 31. axb4 Rd2 32. Kf1 Rb2 33. b5
Bd7 34. Ra1 Kf8 35. Ke1 Bxb5 36. Bxb5 Rxb5 37. Rxa7 Ke7 38. Ra2 Rd5 39. Ke2 Kd6
40. e4 Rd4 41. Ke3 Rd1 42. Rc2 Kd7 43. f4 Re1+ 44. Kf3 b5 45. e5 Rb1 46. Ke4
Rb4+ 47. Ke3 h5 48. g3 Ra4 49. Kd3 h4 50. Ke3 hxg3 51. hxg3 Ra3+ 52. Kf2 b4 53.
Rb2 b3 54. Ke3 Ke6 55. Kd3 1/2-1/2

[Event "26. Copenhagen Open  (Politiken Cup)"]
[Site "Taastrup"]
[Date "2004.07.25"]
[Round "3"]
[White "Danielsen, Dag"]
[Black "Larsen, Allan"]
[Result "0-1"]
[WhiteElo "1905"]
[BlackElo "2158"]
[PlyCount "56"]
[EventDate "2004.07.24"]
[EventType "swiss"]
[EventRounds "10"]
[EventCountry "DEN"]
[SourceDate "2004.01.01"]

1. c4 e5 2. Nc3 Nc6 3. g3 f5 4. Bg2 Nf6 5. e3 g6 6. Nge2 Bg7 7. O-O O-O 8. Rb1
d6 9. f3 Be6 10. b3 Ne7 11. d4 Qc8 12. e4 h6 13. Be3 g5 14. f4 Ng4 15. Bc1 fxe4
16. fxg5 exd4 17. gxh6 Be5 18. Nxd4 Rxf1+ 19. Bxf1 c5 20. Nxe6 Qxe6 21. Bh3
Bd4+ 22. Kg2 Rf8 23. Bf4 Rxf4 24. gxf4 Ne3+ 25. Kh1 Qxh3 26. Qg1+ Kh7 27. Qf2
Bxc3 28. Rg1 N7f5 0-1

[Event "26. Copenhagen Open  (Politiken Cup)"]
[Site "Taastrup"]
[Date "2004.07.25"]
[Round "3"]
[White "Danielsen, Magnus"]
[Black "Jensen, Paul Johan"]
[Result "1/2-1/2"]
[WhiteElo "1928"]
[BlackElo "1358"]
[PlyCount "33"]
[EventDate "2004.07.24"]
[EventType "swiss"]
[EventRounds "10"]
[EventCountry "DEN"]
[SourceDate "2004.01.01"]

1. e4 d5 2. exd5 Qxd5 3. Nc3 Qa5 4. d4 Nf6 5. Bc4 c6 6. Nge2 Bf5 7. Bd2 e6 8.
O-O Nbd7 9. Ng3 Bg6 10. Re1 Qb4 11. h3 Qd6 12. Bg5 h6 13. Bxf6 Nxf6 14. d5 Nxd5
15. Bxd5 cxd5 16. Nxd5 O-O-O 17. Ne3 1/2-1/2